Cura de Dios y pastor de Jesu-Christo (Registro nro. 36652)

Detalles MARC
000 -ENCABEZADO
Número de control [NR] 01862nam a2200241Ia 4500
008 - DE LONGITUD FIJA DE DATOS DE ELEMENTOS - INFORMACIÓN GENERAL
Elementos de longitud fija [NR] 130821s1726 sp a gr spa
040 ## - FUENTE DE CATALOGACION [NR]
Agencia de catalogación original [NR] Co-BoUCM
Idioma de catalogación [NR] spa
041 0# - CODIGO DE IDIOMA [R]
Código de idioma para texto/pista de sonido o título separado [R] Español
092 ## - SIGNATURA TOPOGRAFICA LOCAL
Número de clasificación local E19N046
100 1# - ASIENTO PRINCIPAL--NOMBRE PERSONAL [NR]
Nombre personal [NR] Arredondo, Antonio Joseph
245 10 - MENCION DE TITULO [NR]
Título [NR] Cura de Dios y pastor de Jesu-Christo
Parte restante del título [NR] ideado de la Sagrada Escritura, mayormente el Evangelio, Santos Padres y Doctores de la Iglesia ...
Mención de responsabilidad, etc. [NR] por el doctor D. Antonio Joseph de Arredondo
Nombre de la parte/sección de la obra [R] Segunda parte
260 ## - PUBLICACION, DISTRIBUCION, ETC. (PIE DE IMPRENTA) [R]
Lugar de publicación, distribución, etc. [R] Madrid (España)
Nombre del editor, distribuidor, etc. [R] Por Alonso Balvas
Fecha de publicación, distribución, etc. [R] 1726
300 ## - DESCRIPCION FISICA [R]
Extensión [R] [54], 524, [20] páginas
Otros detalles físicos [NR] ilustraciones
500 ## - NOTA GENERAL [R]
Nota general [NR] Detalles físicos: Encuadernación flexible en pergamino con bordes rasgados y piel algo manchada, conserva uno de sus cierres. Guardas en papel con texto impreso, conserva anteportada y portada impresa a una sola tinta con una orla decorativa. Texto impreso en una sola columna con notas al margen. Algunos elementos decorativos. Dedicatoria a San Ibon, a Diego de Artoga y Cespedes, arzobispo de Toledo. Licencia. Aprobación. Fe de erratas y tasación. Primeras hojas rasadas. Papel muy manchado. En tasa anotación manuscrita, otra en la anteportada, y sellos de tinta en portada.
504 ## - NOTA DE BIBLIOGRAFIA, ETC. [R]
Nota de bibliografía, etc. [NR]
505 0# - NOTA DE CONTENIDO CON FORMATO PREESTABLECIDO [R]
Nota de contenido con formato preestablecido [NR] Libro primero de el (sic) acierto sagrado de un cura á sus feligreses en el templo de Dios, y aprecios de sus ministros. ; Libro segundo de el (sic) acierto de un Cura á sus feligreses en la casa de Dios, empleo de sus caudales, acuerdos, y castigos de su iglesia. ; Libro tercero de el (sic) acierto económico de un cura a sus feligreses en su propia casa, consigo, con los suyos, y con todos
506 ## - NOTA DE RESTRICCIONES DE ACCESO [R]
Condiciones de acceso [NR] Consulta en sala.
650 04 - ASIENTO SECUNDARIO DE MATERIA - TERMINO TEMATICO [R]
Término temático o nombre geográfico como elemento de entrada [NR] Religión
9 (RLIN) 23497
650 04 - ASIENTO SECUNDARIO DE MATERIA - TERMINO TEMATICO [R]
Término temático o nombre geográfico como elemento de entrada [NR] Teología pastoral
Subdivisión general [R] Obras anteriores a 1700
9 (RLIN) 25238
700 1# - ASIENTO SECUNDARIO - NOMBRE PERSONAL [R]
Nombre personal [NR] Balvas, Alonso
Término de relación [R]
942 ## - ELEMENTOS DE ENTRADA AGREGADOS (KOHA)
Tipo de ítem principal el descrito en 300a Libro
Tema principal Religión
Edición 1
Sistema de clasificación DEWEY
Clasificación 241.3
Existencias
Total préstamos Código de barras Última vez visto Volúmen / Fascículo Ejemplar Price effective from Tipo de ítem Perdido Sistema de clasificación Dañado No prestable Tipo de ítem específico Suprimido Ubicación habitual Ubicación actual Localización Fecha de creación Forma de adquisición Costo
  L002821 15/12/2012 E19N046 Ej.1 03/02/2013 Libro   DEWEY     Libro archivo     Archivo Histórico Archivo histórico 28/02/2013 Donación 0.00